Great scientists of the world/ (Record no. 160620)

MARC details
000 -LEADER
fixed length control field 00512nam a22001817a 4500
005 - DATE AND TIME OF LATEST TRANSACTION
control field 20190213153533.0
010 ## - LCCN (DPL NO)
LC control number ENG-124757
020 ## - INTERNATIONAL STANDARD BOOK NUMBER
International Standard Book Number 9789381930229
Terms of availability 550.00
035 ## - SYSTEM CONTROL NUMBER
System control number EN-108289
037 ## - SOURCE OF ACQUISITION
Source of stock number/acquisition DBAD/PUB
082 ## - DEWEY DECIMAL CLASSIFICATION NUMBER
Classification number 509.2
100 ## - MAIN ENTRY--PERSONAL NAME
Personal name Das, Ajay
245 ## - TITLE STATEMENT
Title Great scientists of the world/
Statement of responsibility, etc by Ajay Das
260 ## - PUBLICATION, DISTRIBUTION, ETC. (IMPRINT)
Place of publication, distribution, etc Delhi
Name of publisher, distributor, etc Kartik Prakashan
Date of publication, distribution, etc 2019
270 ## - ADDRESS
Address B-89, Gali No.9, West Karawal Nagar
City Delhi
Postal code 110090
300 ## - PHYSICAL DESCRIPTION
Extent 208p.
Dimensions 22cm(Hb)
942 ## - ADDED ENTRY ELEMENTS (KOHA)
Source of classification or shelving scheme Dewey Decimal Classification
Item type English Books
Classification part 509.2
Call number suffix DAS
Holdings
Withdrawn status Lost status Not for loan Collection code Home library Current library Date acquired Source of acquisition Cost, normal purchase price Full call number Barcode Copy number Cost, replacement price Koha item type
      Non-fiction Central Library Central Library 06/02/2019 DBAD/PUB 550.00 509.2 DAS EN-108289 1 550.00 English Books

© Delhi Public Library
Hit Counter
free hit counter